name the football club by their trophies - Statistics

General Stats
  • This quiz has been taken 82 times
  • The average score is 4 of 10
Answer Stats
trophies club % Correct
3x fifa club world cup1x European cup 4x champions league 26x La Liga trophy 31x Copa del Rey 13x Supercopa de España 4x UEFA Cup Winners' Cup 3x Inter-Cities Fairs Cup 5x UEFA supercup FC Barcelona
94%
2x champions league1x english champion 2x FA cup 4x premier league trophy 1x UEFA Super Cup 1x english supercup 1x EFL championship trophy Nottingham Forest
69%
1x champions league24x eredivisie trophy 9x KNVB beker 12x Johan Cruijff schaal 1x europa league PSV Eindhoven
65%
1x champions league51x scottish premiership trophy 40x scottish cup 20x scottish league cup Celtic Glasgow
49%
3x serie A trophy9x coppa italia 2x supercoppa 1x serie B trophy 1x inter-cities fairs cup AS Roma
44%
19x süper lig trophy6x türkiye kupası 9x süper kupa Fenerbahçe SK
38%
8x ligue 1 trophy5x coupe de france 1x coupe de la ligue 2x trophée des champions AS Monaco
32%
31x veikkausliiga trophy14x suomen cup 5x liiga cup HJK Helsinki
12%
3x bundesliga trophy4x DFB-pokal 4x 2. bundesliga trophy 2x westdeutscher pokal FC Köln
7%
13x premjer liha trophy13x ukranian cup 9x ukranian supercup 4x soviet cup 1x europa league FK Sjachtar Donetsk
0%
No matching quizzes found
Score Distribution
Percent of People with Each Score
Percentile by Number Answered
Your Score History
You have not taken this quiz